| 000 | 00482nam a2200157 4500 | ||
|---|---|---|---|
| 001 | 112800 | ||
| 003 | ES-MaACL | ||
| 007 | t| | ||
| 008 | 061121s1948 fr r ||||1| fre d | ||
| 100 | 1 |
_aNovotny, Fritz. _986100 |
|
| 245 | 1 | 0 |
_aCézanne / _cpar Fritz Novotny; traduit par Antoinette Nordmann. |
| 260 |
_aParis : _bPhaidon, _c1948. |
||
| 300 |
_a14 p., 14 lám. : _bil. = retr. biogr. ; _c36 cm. |
||
| 700 | 1 |
_aNordmann, Antoinette. _985968 |
|
| 852 |
_aES-MaACL _jB-2904 _bR.29592 |
||
| 999 |
_c112800 _d112800 |
||